Essential university physics .Vol. 2 chapters 20-30/ (Record no. 11463)
[ view plain ]
| 000 -LEADER | |
|---|---|
| fixed length control field | 01006cam a22002894a 4500 |
| 001 - CONTROL NUMBER | |
| control field | 14294009 |
| 005 - DATE AND TIME OF LATEST TRANSACTION | |
| control field | 20240818092914.0 |
| 008 - FIXED-LENGTH DATA ELEMENTS--GENERAL INFORMATION | |
| fixed length control field | 060309s2007 caua 001 0 eng |
| 010 ## - | |
| -- | 2006040286 |
| 015 ## - | |
| -- | GBA651038 |
| -- | bnb |
| 016 7# - | |
| -- | 013480339 |
| -- | Uk |
| 020 ## - INTERNATIONAL STANDARD BOOK NUMBER | |
| International Standard Book Number | 0321435656 |
| 035 ## - SYSTEM CONTROL NUMBER | |
| System control number | (OCoLC)ocm64688914 |
| 040 ## - CATALOGING SOURCE | |
| Original cataloging agency | DLC |
| Transcribing agency | DLC |
| Modifying agency | YDX |
| -- | BAKER |
| -- | UKM |
| -- | DLC |
| 042 ## - | |
| -- | pcc |
| 050 00 - LIBRARY OF CONGRESS CALL NUMBER | |
| Classification number | QC21.3 |
| Item number | .W65 2007 |
| 082 00 - DEWEY DECIMAL CLASSIFICATION NUMBER | |
| Classification number | 530 |
| Edition number | 22 |
| Item number | WOL |
| 245 10 - TITLE STATEMENT | |
| Title | Essential university physics .Vol. 2 chapters 20-30/ |
| Statement of responsibility, etc | Richard Wolfson. |
| 260 ## - | |
| -- | San Francisco : |
| -- | Pearson Addison-Wesley, |
| -- | c2007. |
| 300 ## - PHYSICAL DESCRIPTION | |
| Extent | 1 v. : |
| Other physical details | ill. ; |
| Dimensions | 28 cm.+ |
| Accompanying material | 1 student access kit |
| 336 ## - CONTENT TYPE | |
| Source | rdacontent |
| Content type term | text |
| Content type code | txt |
| 337 ## - MEDIA TYPE | |
| Media type term | unmediated |
| Source | rdamedia |
| Media type code | n |
| 338 ## - CARRIER TYPE | |
| Carrier type term | volume |
| Carrier type code | nc |
| Source | rdacarrier |
| 500 ## - GENERAL NOTE | |
| General note | Includes index. |
| 942 ## - ADDED ENTRY ELEMENTS (KOHA) | |
| Source of classification or shelving scheme | Dewey Decimal Classification |
| Koha item type | Book - Borrowing |
| Classification part | RDA-MOD |
| Withdrawn status | Lost status | Source of classification or shelving scheme | Damaged status | Not for loan | Collection code | Home library | Current library | Shelving location | Date acquired | Source of acquisition | Cost, normal purchase price | Serial Enumeration / chronology | Total Checkouts | Full call number | Barcode | Date last seen | Date checked out | Price effective from | Koha item type |
|---|---|---|---|---|---|---|---|---|---|---|---|---|---|---|---|---|---|---|---|
| Dewey Decimal Classification | Baccah | Central Library | Central Library | First floor | 29/04/2009 | 256.00 | 7117 | 1 | 530 WOL | 000016006 | 15/07/2025 | 24/10/2016 | 29/04/2009 | Book - Borrowing |